000 00719nam a22001817a 4500
003 NUST-PNEC
005 20170116180725.0
008 141031b xxu||||| |||| 00| 0 eng d
040 _cPNEC
082 _a621.38195 NAT
100 _9903
_aNational
245 _a48-series microprocessors handbook
_cNational Semiconductor
260 _aSanta Clara, Calif. :
_bNational Semiconductor Corporation
_cc1980.
300 _a1 volume (various pagings) :
_b illustrations ;
_c23 cm
500 _ahttp://www.amazon.com/48--Microprocessors-Handbook-National-Semiconductor/dp/B000GYMZVW/ref=sr_1_1?s=books&ie=UTF8&qid=1414750888&sr=1-1&keywords=48-SERIES+MICROPROCESSORS+HANDBOOK+BY+NATIONAL
650 _xEL
942 _2ddc
_cBK
999 _c61569
_d61569